| 000 | 00352nam a22001337a 4500 | ||
|---|---|---|---|
| 041 | _aENG | ||
| 100 | _aGokhale.M.Y | ||
| 245 | _aA Text Book of Engineering Mathematics - 2 | ||
| 260 |
_aPune _bNirali Prakashan _c2004 |
||
| 300 | _a12.49 | ||
| 650 | _aCompetitlve Exam | ||
| 700 | _aMujumdar.N.S,Kulkarni.S.S,Singh.A.N | ||
| 856 | _uCompetitlve Exam ( 36 ) | ||
| 999 |
_c911 _d911 |
||